000 00794nam a2200229 a 4500
999 _c11165
_d11165
001 11165
003 BD-JhCC
005 20190921084608.0
008 190604b 2017bg a|||| ||a| 001 0 ben d
020 _a9789844952515
035 _a(BD-JhCC)11165
040 _aBD-JhCC
_dBD-JhCC
041 _aben
082 _bPAR 2017
_a954.9205
100 _aপারভেজ, সৈয়দ মাজহারুল
245 _aএকাত্তরের শহীদ বুদ্ধিজীবী /
_cসৈয়দ মাজহারুল পারভেজ ।
260 _aঢাকা:
_bপার্ল পাবলিকেশন্স;
_c২০১৭.
300 _a৩৫১ পৃ. :
_bill;
_c২২ সেমি.
650 _aMartyr
_y1971
942 _2ddc
_cBK